Najbardziej wartościowe firmy na świecie - Statystyki

Ogólne statystyki
  • Ten quiz został rozwiązany 17 razy
  • Średni wynik to 7 z 30
Statystyki odpowiedzi
$ Wartość Państwo Sektor Firma % Poprawnych
3690 bil Technologiczny Apple
88%
3321 bil Technologiczny Microsoft
75%
1447 bil Motoryzacyjny Tesla
69%
2495 bil Technologiczny Amazon
56%
3997 bil Technologiczny Google
50%
1606 bil Technologiczny Meta
50%
4504 bil Technologiczny NVIDIA
50%
693 bil Technologiczny Samsung
50%
476 bil Płatności Mastercard
38%
628 bil Płatności Visa
38%
1627 bil Energetyczny Saudi Aramco
25%
944 bil Handel detaliczny Wal-Mart
25%
427 bil Technologiczny Alibaba
13%
411 bil Technologiczny AMD
13%
384 bil Bankowy Bank of America
13%
530 bil FMCG - Przemysł dóbr szybko zbywalnych Johnson & Johnson
13%
397 bil Technologiczny Palantir
13%
1728 bil Technologiczny TSMC
13%
538 bil Technologiczny ASML
6%
565 bil Energetyczny ExxonMobil
6%
832 bil Bankowy JPMorgan Chase
6%
512 bil Technologiczny Oracle
6%
386 bil Farmaceutyczny AbbVie
0%
1039 bil Konglomerat Berkshire Hathaway
0%
1565 bil Technologiczny Broadcom
0%
432 bil Handel detaliczny Costco
0%
978 bil Farmaceutyczny Eli Lilly
0%
382 bil Handel detaliczny Home Depot
0%
437 bil Technologiczny Micron
0%
695 bil Technologiczny Tencent
0%
Nie znaleziono quizów pasujących do podanych kryteriów
Rozkład punktacji
Procent ludzi z każdym wynikiem
Percentyl według liczby udzielonych odpowiedzi
Twoja historia wyników
Nie rozwiązałeś tego quizu